Výkon práce nadčas a práce vo sviatok

Mzda a náhrada mzdy za nadčasovú prácu. Nariadená a dohodnutá práca nadčas. Ročný limit práce nadčas. Čerpanie náhradného voľna za prácu nadčas. Mzda a náhrada mzdy za sviatok. Mzdové zvýhodnenie za prácu vo sviatok. Súbeh práce nadčas a práce vo sviatok.

Enregistré dans:
Détails bibliographiques
Auteur principal: Matlovičová, Iveta
Format: Chapitre de livre
Langue:slovaque
Sujets:
Tags: Ajouter un tag
Pas de tags, Soyez le premier à ajouter un tag!

MARC

LEADER 00000naa a2200000 4500
001 0286958
005 20240417075211.4
041 0 |a slo 
044 |a SK 
245 1 0 |a Výkon práce nadčas a práce vo sviatok  |c Iveta Matlovičová 
520 |a Mzda a náhrada mzdy za nadčasovú prácu. Nariadená a dohodnutá práca nadčas. Ročný limit práce nadčas. Čerpanie náhradného voľna za prácu nadčas. Mzda a náhrada mzdy za sviatok. Mzdové zvýhodnenie za prácu vo sviatok. Súbeh práce nadčas a práce vo sviatok. 
610 2 0 |a práca nadčasová 
610 2 0 |a práca vo sviatok 
610 2 0 |a zamestnanci 
610 2 0 |a čas pracovný 
610 2 0 |a mzdy 
610 2 0 |a náhrada mzdy 
610 2 0 |a zákonník práce 
100 1 |a Matlovičová, Iveta